| 000 | 00729nam a2200193 a 4500 | ||
|---|---|---|---|
| 001 | 2262 | ||
| 005 | 20140414131848.0 | ||
| 008 | 010725s19uu xx 00 eng d | ||
| 020 | _a0-688-09683-2 | ||
| 050 |
_aM 398.2 _bP29 1991 |
||
| 100 | _aPaxton, Tom | ||
| 245 |
_aAndrocles and the Lion : _band other aesop's fables / _cretold in verse by Tom Paxton; illustrated by Robert Rayevsky. |
||
| 260 |
_aNew York : _bMorrow Junior Books, _c1991. |
||
| 300 | _a1v. (unp.) : ill. ; cm. | ||
| 520 | _aA collection of Aesop's fables, retold in verse including "The wolf in sheep's Clothing, The Man, the Boy, and the Donkey," and "The Wolf and thr Crane." | ||
| 650 | _aFables. | ||
| 650 | _aStories in rhyme. | ||
| 999 |
_c110036 _d110036 |
||